Places in Missouri - sudden death - Statistics

General Stats
  • This quiz has been taken 47 times
    39 since last reset
  • The average score is 16 of 26
Answers on the Grid
Answers color-coded by a green-red scale on the quiz's grid according to % correct below.
Independence
Ozark Plateau
Joplin
Mississippi River
The lead-mining belt
A coral reef
St. Louis
Anheuser-Busch headquarters
Jefferson City
Singapore
Tuzla
Arrowhead Stadium
A border with Illinois
Matola
Charles de Gaulle airport
Onondaga Cave
Khartoum
Mark Twain's birthplace
Strangeways prison
Székesfehérvár
Springfield
Barack Obama's birthplace
Bogura
O'Fallon
Sargodha
Enterprise Rent-A-Car HQ
Rheasilvia central peak
Tugela Falls waterfall
Civil War battlefields
Harry Truman's birthplace
Gateway Arch
Techiman
Carcross Desert
Peculiar
Taum Sauk Mountain
Sokoto
Columbia
Start of the Oregon Trail
Călărași
Culiacán
Jannu
Hallmark cards HQ
Qinghai Lake
Equatorial ridge
Loja
Land below sea level
Caguas
Kansas City
Mazyr
Battle of Glasgow site
A border with Oklahoma
Big Ben
A peak over 3,000 feet
Matt Groening's castle
 
Answer Stats
Answer % Correct
Jefferson City
94%
Arrowhead Stadium
88%
St. Louis
88%
Kansas City
82%
Mark Twain's birthplace
82%
Mississippi River
82%
Springfield
82%
A border with Oklahoma
76%
Gateway Arch
76%
Harry Truman's birthplace
76%
Independence
76%
Ozark Plateau
76%
Columbia
71%
Joplin
71%
Anheuser-Busch headquarters
65%
A border with Illinois
59%
Hallmark cards HQ
59%
O'Fallon
59%
Civil War battlefields
47%
Enterprise Rent-A-Car HQ
41%
Start of the Oregon Trail
41%
Onondaga Cave
35%
The lead-mining belt
24%
Peculiar
18%
Taum Sauk Mountain
12%
Battle of Glasgow site
6%
No matching quizzes found
Score Distribution
Percent of People with Each Score
Percentile by Number Answered
Your Score History
You have not taken this quiz since the last reset